You can be your own child's counselor. (Record no. 17170)

000 -LEADER
fixed length control field 00496nam a2200169 a 4500
001 - CONTROL NUMBER
control field :::00020904$&:&@@
003 - CONTROL NUMBER IDENTIFIER
control field OkBaRHE
005 - DATE AND TIME OF LATEST TRANSACTION
control field 20040216154802.0
008 - FIXED-LENGTH DATA ELEMENTS--GENERAL INFORMATION
fixed length control field s1978 j 000 0 eng u
040 ## - CATALOGING SOURCE
Transcribing agency
100 1# - MAIN ENTRY--PERSONAL NAME
Personal name Skoglund, Elizabeth
245 10 - TITLE STATEMENT
Title You can be your own child's counselor.
260 ## - PUBLICATION, DISTRIBUTION, ETC. (IMPRINT)
Place of publication, distribution, etc Glendale, CA
Name of publisher, distributor, etc Regal Books
Date of publication, distribution, etc 1978
300 ## - PHYSICAL DESCRIPTION
Extent 95 p.
942 ## - ADDED ENTRY ELEMENTS (KOHA)
Source of classification or shelving scheme
Koha item type Books
Copies
Barcode Koha item type Damaged status Full call number Date last seen Source of classification or shelving scheme Price effective from Withdrawn status Shelving location Date acquired Lost status Copy number Permanent Location Not for loan
20904Books HQ 755.8 S562010-04-14 2010-04-14 General Stacks2010-04-14 1RHEMA Bible Training College